<?xml version="1.0" encoding="UTF-8"?>
<record
    xmlns:xsi="http://www.w3.org/2001/XMLSchema-instance"
    xsi:schemaLocation="http://www.loc.gov/MARC21/slim http://www.loc.gov/standards/marcxml/schema/MARC21slim.xsd"
    xmlns="http://www.loc.gov/MARC21/slim">

  <leader>00666nam a22001817a 4500</leader>
  <datafield tag="999" ind1=" " ind2=" ">
    <subfield code="c">175739</subfield>
    <subfield code="d">175739</subfield>
  </datafield>
  <controlfield tag="005">20200923161349.0</controlfield>
  <datafield tag="010" ind1=" " ind2=" ">
    <subfield code="a">ENG-128472</subfield>
  </datafield>
  <datafield tag="020" ind1=" " ind2=" ">
    <subfield code="c">1199.00</subfield>
    <subfield code="a">9788194461357</subfield>
  </datafield>
  <datafield tag="035" ind1=" " ind2=" ">
    <subfield code="a">EN-112004</subfield>
  </datafield>
  <datafield tag="037" ind1=" " ind2=" ">
    <subfield code="b">DBAD/PUB</subfield>
  </datafield>
  <datafield tag="082" ind1=" " ind2=" ">
    <subfield code="a">000</subfield>
  </datafield>
  <datafield tag="100" ind1=" " ind2=" ">
    <subfield code="a">Kumar, Sanjeev</subfield>
  </datafield>
  <datafield tag="245" ind1=" " ind2=" ">
    <subfield code="a">Super-17 Test Papers With 2500+ Predictive Questions for NTA NEET:</subfield>
    <subfield code="b">Get Ahead With Practice Test Book Series of CompeteWell/</subfield>
    <subfield code="c">by Sanjeev Kumar</subfield>
  </datafield>
  <datafield tag="260" ind1=" " ind2=" ">
    <subfield code="a">Chennai</subfield>
    <subfield code="b">BUUKS</subfield>
    <subfield code="c">2020</subfield>
  </datafield>
  <datafield tag="270" ind1=" " ind2=" ">
    <subfield code="a">JVL Plaza, 4th Floor, 501, Anna Salai Teynampet,</subfield>
    <subfield code="b">Chennai</subfield>
    <subfield code="e">600 018</subfield>
    <subfield code="k">044-4992727</subfield>
    <subfield code="m">hello@buuks.com</subfield>
  </datafield>
  <datafield tag="300" ind1=" " ind2=" ">
    <subfield code="a">616p.</subfield>
    <subfield code="c">28cm(pbk)</subfield>
    <subfield code="b">Illustrations</subfield>
  </datafield>
  <datafield tag="942" ind1=" " ind2=" ">
    <subfield code="2">ddc</subfield>
    <subfield code="c">EN</subfield>
    <subfield code="h">000</subfield>
    <subfield code="m">KUM</subfield>
  </datafield>
  <datafield tag="952" ind1=" " ind2=" ">
    <subfield code="0">0</subfield>
    <subfield code="1">0</subfield>
    <subfield code="4">0</subfield>
    <subfield code="7">0</subfield>
    <subfield code="8">NFIC</subfield>
    <subfield code="a">AV</subfield>
    <subfield code="b">AV</subfield>
    <subfield code="d">2020-09-23</subfield>
    <subfield code="e">DBAD/PUB</subfield>
    <subfield code="g">1199.00</subfield>
    <subfield code="l">1</subfield>
    <subfield code="o">000 KUM</subfield>
    <subfield code="p">EN-112004</subfield>
    <subfield code="r">2021-07-05 00:00:00</subfield>
    <subfield code="s">2021-04-10</subfield>
    <subfield code="v">1199.00</subfield>
    <subfield code="y">EN</subfield>
  </datafield>
</record>
